А. С. Пушкин. Евгений Онегин (Запись № 13683270)

Подробности
000 -МАРКЕР
контрольное поле 02106nam0a2200373 4500
001 - ИДЕНТИФИКАТОР ЗАПИСИ
контрольное поле RU\NLR\BIBL_A\022612403
005 - ИДЕНТИФИКАТОР ВЕРСИИ
контрольное поле 20260420052715.0
010 ## - МЕЖДУНАРОДНЫЙ СТАНДАРТНЫЙ НОМЕР КНИГИ (ISBN)
Номер (ISBN) 978-5-392-44178-5
Тираж 5000
021 ## - НОМЕР ГОСУДАРСТВЕННОЙ РЕГИСТРАЦИИ
Код страны Российская Федерация
Номер КН-П-25-040838
Номер Листа государственной регистраци КН-П-25-3974
035 ## - ДРУГИЕ СИСТЕМНЫЕ НОМЕРА
Идентификатор записи (NLR Aleph) 022612403
100 ## - ДАННЫЕ ОБЩЕЙ ОБРАБОТКИ
Данные общей обработки 20250829d2025 u y0rusy50 ca
101 0# - ЯЗЫК РЕСУРСА
Язык текста, звукозаписи и т.д. русский
102 ## - СТРАНА ПУБЛИКАЦИИ ИЛИ ПРОИЗВОДСТВА
Страна публикации Российская Федерация
105 ## - ПОЛЕ КОДИРОВАННЫХ ДАННЫХ: ТЕКСТОВЫЕ МАТЕРИАЛЫ, МОНОГРАФИЧЕСКИЕ
Кодированные данные о монографическом текстовом документе a z 000zy
181 #0 - ПОЛЕ КОДИРОВАННЫХ ДАННЫХ: ВИД СОДЕРЖАНИЯ
Код вида содержания (ISBD) i3
Код характеристики содержания (ISBD) axxe
181 #0 - ПОЛЕ КОДИРОВАННЫХ ДАННЫХ: ВИД СОДЕРЖАНИЯ
Код вида содержания (ISBD) b2
Код характеристики содержания (ISBD) xb2e
182 #0 - ПОЛЕ КОДИРОВАННЫХ ДАННЫХ: ТИП СРЕДСТВА
Код типа средства (ISBD) n - непосредственное
200 1# - ЗАГЛАВИЕ И СВЕДЕНИЯ ОБ ОТВЕТСТВЕННОСТИ
Основное заглавие А. С. Пушкин. Евгений Онегин
Сведения, относящиеся к заглавию краткое содержание, анкеты и профили героев, сюжетные и любовные линии
Первые сведения об ответственности текст: Л. В. Рожников
Последующие сведения об ответственности иллюстрации Игоря Шаймарданова
203 ## - ВИД СОДЕРЖАНИЯ И ТИП СРЕДСТВА
Вид содержания Текст
-- Изображение
Дополнительные сведения об издании визуальные
Тип средства непосредственные
210 ## - ПУБЛИКАЦИЯ, РАСПРОСТРАНЕНИЕ И ДР.
Место издания, распространения и т.д. Москва
Имя издателя, распространителя и т. д. Проспект
Дата издания, распространения и т.д. 2025
215 ## - ФИЗИЧЕСКАЯ ХАРАКТЕРИСТИКА
Специфическое обозначение материала и объем 71, [1] с.
Другие сведения о физической характеристике цв. ил.
Размеры 21
Сопроводительный материал 1 отд. л. закл.
225 1# - СЕРИЯ
Основное заглавие серии Все женихи и невесты, злодеи, герои и душнилы мировой литературы
333 ## - ПРИМЕЧАНИЯ ОБ ОСОБЕННОСТЯХ РАСПРОСТРАНЕНИЯ И ИСПОЛЬЗОВАНИЯ
Текст примечания 12+
604 ## - ИМЯ И ЗАГЛАВИЕ КАК ПРЕДМЕТ
Связываемые данные 700#1$aПушкин$bА.С.$gАлександр Сергеевич$f1799 - 1837
-- 500##$a"Евгений Онегин"$jУчебные издания для средней школы$2nlr_sh1$2nlr_sh2$3RU\NLR\AUTH\66935384
Имя лица Пушкин, Александр Сергеевич (1799 - 1837)
Заглавие "Евгений Онегин"
Формальный подзаголовок Учебные издания для средней школы
Системный номер авторитетной/нормативной записи 2030650
Идентификатор авторитетной/нормативной записи RU\NLR\AUTH\66935384
686 2# - ИНДЕКСЫ ДРУГИХ КЛАССИФИКАЦИЙ
Индекс Ш5(2=Р)51-4Пушкин535
702 #1 - ИМЯ ЛИЦА - ВТОРИЧНАЯ ОТВЕТСТВЕННОСТЬ
Код отношения Автор
Графика поля Кириллица
Материалы, к которым относится поле rus
Начальный элемент ввода Пушкин
Часть имени, кроме начального элемента ввода А. С.
Дополнения к именам, кроме дат поэт
Даты 1799-1837
Расширение инициалов личного имени Александр Сергеевич
Системный номер авторитетной/нормативной записи 110441
Идентификатор авторитетной/нормативной записи RU\NLR\AUTH\77386
702 #1 - ИМЯ ЛИЦА - ВТОРИЧНАЯ ОТВЕТСТВЕННОСТЬ
Начальный элемент ввода Рожников
Часть имени, кроме начального элемента ввода Л. В.
Даты 1973-
Расширение инициалов личного имени Леонид Владимирович
Код отношения Автор сопроводительного материала
702 #1 - ИМЯ ЛИЦА - ВТОРИЧНАЯ ОТВЕТСТВЕННОСТЬ
Начальный элемент ввода Шаймарданов
Часть имени, кроме начального элемента ввода И. Д.
Даты 1964-
Расширение инициалов личного имени Игорь Дмитриевич
Код отношения Иллюстратор
942 ## - ДОПОЛНИТЕЛЬНЫЕ ЭЛЕМЕНТЫ ЗАПИСИ (АБИС)
Тип экземпляра АБИС Книга
980 ## - КОЛЛЕКЦИЯ
Название коллекции Национальная библиография

Нет доступных экземпляров.